Charlotte Hornets All Stars - Statistics

General Stats
  • This quiz has been taken 8 times
  • The average score is 12 of 14
Answer Stats
Hint Answer % Correct
1995 Alonzo Mourning
100%
1994 Alonzo Mourning
100%
1998 Glen Rice
100%
1997 Glen Rice
100%
1996 Glen Rice
100%
2019 Kemba Walker
100%
2018 Kemba Walker
100%
2017 Kemba Walker
100%
2022 LaMelo Ball
100%
1995 Larry Johnson
83%
1993 Larry Johnson
83%
2002 Baron Davis
67%
2010 Gerald Wallace
67%
2000 Eddie Jones
33%
No matching quizzes found
Score Distribution
Percent of People with Each Score
Percentile by Number Answered
Your Score History
You have not taken this quiz